Učitavanje...

Indian independence

Bibliografski detalji
Glavni autor: Suresh K Sharma
Format: Printed Book
Izdano: Delhi: Pentagon press.
Teme:
LEADER 00409nam a22001214a 4500
082 |a 954.04 
100 |a Suresh K Sharma, 
260 |a Delhi:  |b Pentagon press. 
650 |a Indian independence 
245 |a Indian independence  |c by Suresh K Sharma 
942 |c BK 
999 |c 248684  |d 248684 
952 |0 0  |1 0  |4 0  |6 954_040000000000000_SHAP  |7 0  |8 G  |9 264033  |a HIS  |b HIS  |d 2020-01-04  |l 0  |o 954.04 SHA-P.  |p HIS11136  |r 2020-01-04  |t 1  |w 2020-01-04  |y BK